The Lord of the Rings: (Record no. 6364)

000 -LEADER
fixed length control field 00336nam a2200133Ia 4500
008 - FIXED-LENGTH DATA ELEMENTS--GENERAL INFORMATION
fixed length control field 190704s9999||||xx |||||||||||||| ||und||
020 ## - INTERNATIONAL STANDARD BOOK NUMBER
International Standard Book Number 9780618212903
082 ## - DEWEY DECIMAL CLASSIFICATION NUMBER
Classification number 791.43615
Item number RUS/T
100 ## - MAIN ENTRY--PERSONAL NAME
Personal name Russell, Gary
245 #4 - TITLE STATEMENT
Title The Lord of the Rings:
260 ## - PUBLICATION, DISTRIBUTION, ETC.
Place of publication, distribution, etc. New Yark
Name of publisher, distributor, etc. Houghton Mifflin Company
Date of publication, distribution, etc. 2002
300 ## - PHYSICAL DESCRIPTION
Extent 192p.
942 ## - ADDED ENTRY ELEMENTS (KOHA)
Koha item type Book

No items available.

All Rights Reserved@MUIT

Powered by Koha